ARRUPE JESUIT UNIVERSITY

CORONAVIRUS -STOP THE SPREAD - CLEAN,DISINFECT,COVER

Our best kept secret; (Record no. 131702)

MARC details
000 -LEADER
fixed length control field 00425nam a22001337a 4500
008 - FIXED-LENGTH DATA ELEMENTS--GENERAL INFORMATION
fixed length control field 230324b |||||||| |||| 00| 0 eng d
020 ## - INTERNATIONAL STANDARD BOOK NUMBER
International Standard Book Number 1871549051.
050 ## - LIBRARY OF CONGRESS CALL NUMBER
Classification number BX1753.S378 1987.
100 ## - MAIN ENTRY--PERSONAL NAME
Personal name Schultheis, J. Michael
9 (RLIN) 52256
245 ## - TITLE STATEMENT
Title Our best kept secret;
Remainder of title the rich heritage of catholic social teaching.
Statement of responsibility, etc Micheal J.Schultheis.
260 ## - PUBLICATION, DISTRIBUTION, ETC. (IMPRINT)
Place of publication, distribution, etc London:
Name of publisher, distributor, etc CAFOD.
Date of publication, distribution, etc 1987.
300 ## - PHYSICAL DESCRIPTION
Extent 75P;
Dimensions 24CM.
942 ## - ADDED ENTRY ELEMENTS (KOHA)
Source of classification or shelving scheme Library of Congress Classification
Item type Monograph ( Printed materials)

No items available.

 

Arrupe Library. PO Box MP320 Mt Pleasant, Harare, Zimbabwe
263 242 745411|librarian@aju.ac.zw